| 000 | 00869pam a2200337 i 4500 | ||
|---|---|---|---|
| 001 | 4663941 | ||
| 003 | OSt | ||
| 005 | 20140310184349.0 | ||
| 008 | 801209t19811968nyua j 000 1 eng | ||
| 010 | _a 80028922 | ||
| 020 | _a0590328743 | ||
| 020 | _z9780590328746 | ||
| 040 |
_aDLC _cDLC _dDLC |
||
| 042 | _alcac | ||
| 050 | 1 | 0 |
_aPZ 7 _b.B9836Mi 1968 |
| 082 | 0 | 0 | _aFic |
| 100 | 1 |
_aByars, Betsy Cromer. _95755 |
|
| 245 | 1 | 4 |
_aThe midnight fox / _cBetsy Byars. |
| 260 |
_aNew York : _bScholastic, _c1968. |
||
| 300 |
_a157 p. : _bill. ; _c20 cm. |
||
| 521 | _aG8 | ||
| 526 | _c970 | ||
| 650 | 1 |
_aFoxes _xFiction. _924992 |
|
| 650 | 1 |
_aFarm life _xFiction. _924993 |
|
| 700 | 1 |
_aGrifalconi, Ann. _924703 |
|
| 906 |
_a7 _bcbc _corignew _du _eocip _f19 _gy-gencatlg |
||
| 942 |
_2lcc _cBK-SCHOLAS |
||
| 999 |
_c33917 _d33917 |
||